000 00453nam a2200169Ia 4500
008 210719s2009 xx 000 0 und d
041 _aeng
082 _a820.33 MALS
100 _aMALLYA (K G)
245 _aStatue of the Mahatma
260 _aKinnigoli
_bDeepa Publishers.,
_c2009
300 _avi,128
_bPB
365 _b100
_cRs
650 _aIndian English Fiction
650 _aIndian English Literature
906 _aMahatma ; of ; Statue ; the
999 _c215043
_d215043